| 000 | 01361cac a22003251i 4500 | ||
|---|---|---|---|
| 999 |
_c2234 _d2234 |
||
| 003 | EG-ScBUE | ||
| 005 | 20191230095112.0 | ||
| 008 | 190724t2005 nyu f 000 0 eng d | ||
| 020 | _a0321202074 | ||
| 020 | _a9780321202079 | ||
| 040 |
_aEG-ScBUE _beng _erda _cEG-ScBUE _dEG-ScBUE |
||
| 082 | 0 | 4 |
_a803 _bKEN _222 |
| 100 | 1 |
_aKennedy, X. J, _eauthor. _918877 |
|
| 245 | 1 | 0 |
_aHandbook of literary terms : _bliterature, language, theory / _cX. J. Kennedy, Dana Gioia, Mark Bauerlein. |
| 264 | 1 |
_aNew York : _bPearson / Longman, _c[2005] |
|
| 264 | 4 | _cc 2005 | |
| 300 |
_aviii, 165 pages ; _c21 cm |
||
| 336 |
_2rdacontent _atext _btxt |
||
| 337 |
_2rdamedia _aunmediated _bn |
||
| 338 |
_2rdacarrier _avolume _bnc |
||
| 520 | _aA practical, instructive, and comprehensive guide to the language of literary study, Kennedy's A Handbook of Literary Terms is a reference manual that aims to demystify literature and the techniques literary scholars use. Over 400 entries. Clear, concise, and accessible definitions of key literary terms. | ||
| 590 | _aSHEFAA IBRAHEM | ||
| 650 | 0 |
_aLiterature _vTerminology. _2BUEsh _930358 |
|
| 650 | 7 |
_aCriticism _vTerminology. _2BUEsh _930359 |
|
| 653 |
_bHHUUEENN _cJuly2019 |
||
| 655 | _vReading book | ||
| 700 | 1 |
_aGioia, Dana, _eauthor. _918878 |
|
| 700 | 1 |
_aBauerlein, Mark, _eauthor. |
|
| 942 |
_cBB _k803 KEN _2ddc |
||